Criminal manual 1961 (Record no. 491230)

000 -LEADER
fixed length control field 00380cam a22001097a 4500
008 - FIXED-LENGTH DATA ELEMENTS--GENERAL INFORMATION
fixed length control field 180718b1962 xxu||||| |||| 00| 0 eng d
082 ## - DEWEY DECIMAL CLASSIFICATION NUMBER
Classification number H52x5442 M278
245 ## - TITLE STATEMENT
Title Criminal manual 1961
Statement of responsibility, etc. Issued by the High Court of Judicature, Appellate side, Bombay
260 ## - PUBLICATION, DISTRIBUTION, ETC.
Place of publication, distribution, etc. Bombay
Name of publisher, distributor, etc. Government central press
Date of publication, distribution, etc. 1962
300 ## - PHYSICAL DESCRIPTION
Extent 62+p
700 ## - ADDED ENTRY--PERSONAL NAME
Personal name Bombay. High Court of Judicature Appellate Side
Holdings
Withdrawn status Lost status Damaged status Not for loan Permanent Location Current Location Date acquired Full call number Barcode Date last seen Price effective from Koha item type
        Indian Institute of Public Administration Indian Institute of Public Administration 2018-08-04 H52x5442 M278 G2431 2018-08-04 2018-08-04 G

Powered by Koha